Les meilleurs méchants de jeux vidéo (2012) - Statistiques

Statistiques générales
  • Ce quiz a été pris 32 fois
  • Le résultat moyen est 5 sur 100
Statistiques - réponses
Place Méchant % Correct
2 Bowser
85%
3 Ganondorf
78%
4 Sephiroth
37%
11 Dr Robotnik
30%
5 Donkey Kong
19%
20 Joker
19%
50 Team Rocket
19%
53 Liquid Snake
15%
18 Kefka
11%
19 M.Bison
11%
9 Mother brain
11%
31 Wario
11%
49 Zeus
11%
77 Dark Link
7%
25 Dark Vador
7%
23 Dracula
7%
70 Gruntilda
7%
28 Revolver Ocelot
7%
88 Samus Sombre
7%
85 Sub Zero
7%
43 Akuma
4%
14 Albert Wesker
4%
55 Ares
4%
32 Big Boss
4%
26 Covenant
4%
84 Cronos
4%
90 Dagoth Ur
4%
65 Dr.Nefarious
4%
13 Dr.Wily
4%
1 Glados
4%
67 Goro
4%
34 Kain
4%
59 Nemesis
4%
8 Psycho Mantis
4%
97 Shang Tsung
4%
92 Sniper Wolf
4%
96 Adrian Ripburger
0%
73 Alma
0%
10 Andrew Ryan
0%
41 Arthas
0%
38 Bob le poisson rouge tueur
0%
80 Bydo
0%
68 Calypso
0%
95 Capitaine Onishima
0%
54 Captain Qwark
0%
62 Carmen Sandiego
0%
99 Coily
0%
69 Cyberdémon
0%
33 Dark Malak
0%
83 Death Adder
0%
74 Diablo
0%
36 Dormin
0%
27 Dr.Breen
0%
78 Evil Otto
0%
71 Falz Sombre
0%
7 Fantômes de Pac-Man
0%
76 Faucon Rouge
0%
45 Flood
0%
58 Frank Fontaine
0%
98 Gary Oak
0%
48 Geth
0%
15 Great Mighty Boo
0%
46 Grue
0%
39 Harbinger
0%
86 Jacqueline Natla
0%
79 Jafar
0%
35 John Henry Eden
0%
66 Kane
0%
17 Kerrigan
0%
44 Kessler
0%
64 King Hippo
0%
94 Lance Vance
0%
75 Lavos
0%
24 LeChunk
0%
52 Magus
0%
100 Mario
0%
63 Master D
0%
21 Mecha-Hitler
0%
12 Mike Tyson
0%
6 Nazis
0%
87 Officier Tenpenny
0%
57 Origami Killer
0%
61 Predator
0%
60 Prophet of Truth
0%
81 Psy-Crow
0%
82 Purple Tentacle
0%
37 Roi-liche
0%
89 Sander Cohen
0%
29 Saren
0%
91 Seifer
0%
47 Shodan
0%
93 Singe
0%
42 Sinistar
0%
40 Sofia Lamb
0%
22 Soldats du Combine
0%
16 Space Invader
0%
51 Tank
0%
72 Tom Nook
0%
30 Ultros
0%
56 Zombies
0%
Aucun quiz correspondant
Distribution des résultats
% des personnes avec chaque résultat
Percentile par nombre de réponses
Votre historique - résultats
Vous n’avez pas pris ce quiz